General education in a free society : (Record no. 43402)
[ view plain ]
| 000 -LEADER | |
|---|---|
| fixed length control field | 00900nam a2200229 a 4500 |
| 001 - CONTROL NUMBER | |
| control field | 43402 |
| 003 - CONTROL NUMBER IDENTIFIER | |
| rucl marc code | BD-RjUL |
| 005 - DATE AND TIME OF LATEST TRANSACTION | |
| control field | 20211209053707.0 |
| 008 - FIXED-LENGTH DATA ELEMENTS--GENERAL INFORMATION | |
| fixed length control field | 160621s1946 mau 000 0 eng d |
| 035 ## - SYSTEM CONTROL NUMBER | |
| System control number | (BD-RjUL)43520 |
| 040 ## - CATALOGING SOURCE | |
| Original cataloging agency | BD-RjUL |
| Language of cataloging | eng |
| Transcribing agency | BD-RjUL |
| 041 ## - LANGUAGE CODE | |
| Language code of text/sound track or separate title | eng |
| 082 ## - DEWEY DECIMAL CLASSIFICATION NUMBER | |
| Edition number | 23 |
| Classification number | 370.973 |
| Author mark and year | GEN 1946 |
| 110 2# - MAIN ENTRY--CORPORATE NAME | |
| Corporate name or jurisdiction name as entry element | Harvard University. |
| Subordinate unit | Committee on the Objectives of a General Education in a Free Society. |
| 9 (RLIN) | 184361 |
| 245 10 - TITLE STATEMENT | |
| Title | General education in a free society : |
| Remainder of title | report of the Harvard Committee / |
| Statement of responsibility, etc. | [The Committee on the Objectives of a General Education in a Free Society] ; with an introduction by James Beyant Conant. |
| 260 ## - PUBLICATION, DISTRIBUTION, ETC. (IMPRINT) | |
| Place of publication, distribution, etc. | Cambridge, Mass : |
| Name of publisher, distributor, etc. | Harvard University Press, |
| Date of publication, distribution, etc. | 1945-1946 |
| 300 ## - PHYSICAL DESCRIPTION | |
| Pagination | xix, 267 p. ; |
| Size | 24 cm. |
| 650 #0 - SUBJECT ADDED ENTRY--TOPICAL TERM | |
| Topical term or geographic name as entry element | Education. |
| 9 (RLIN) | 133295 |
| 700 1# - ADDED ENTRY--PERSONAL NAME | |
| Personal name | Conant, James Bryant, |
| Dates associated with a name | 1893-1978. |
| 710 ## - ADDED ENTRY--CORPORATE NAME | |
| Corporate name or jurisdiction name as entry element | Harvard University. |
| 9 (RLIN) | 133297 |
| 942 ## - ADDED ENTRY ELEMENTS (KOHA) | |
| Source of classification or shelving scheme | Dewey Decimal Classification |
| Koha item type | Books |
| Lost status | Source of classification or shelving scheme | Damaged status | Not for loan | Collection code | Permanent Location | Current Location | Shelving location | Date acquired | Source of acquisition | Total Checkouts | Full call number | Date last seen | Copy number | Koha item type |
|---|---|---|---|---|---|---|---|---|---|---|---|---|---|---|
| Dewey Decimal Classification | Non-fiction | Central Library, University of Rajshahi | Central Library, University of Rajshahi | 22/02/1958 | U.S.I.S, Dhaka. | 370.973 GEN 1946 | 21/06/2016 | C-2 | Books | |||||
| Dewey Decimal Classification | Not For Loan | Non-fiction | Central Library, University of Rajshahi | Central Library, University of Rajshahi | Reading Room | 14/07/1959 | Asia Fundation | 370.973 GEN 1945 | 22/01/2017 | C-1 | Books |